000 00602nam a2200241 a 4500
001 0001-1294
003 ELIB.Books
008 150702 2010 eng
020 _a0871235951
035 _a(ELIB.Books)0001-1449
092 _a248.8
_bDra
100 _aDrake. Marsha.
245 _aThe Proverbs 31 Lady
260 _aMinneapolis
_bBethany House Publishers
_c1984
300 _a191
_c20.5 Cm
500 _aLibrary
650 _aChristian Life
856 _nKBTS: Library
_uKBTS: Elib
942 _2ddc
_cBK
990 _a1
998 _cbat
_e2015-07-02
999 _c11294
_d11294